| 000 | 00422nam a2200097Ia 4500 | ||
|---|---|---|---|
| 008 | 180130s9999 xx 000 0 und d | ||
| 245 |
_cMalkawi, Mohammad; Murad, Omayya _aArtificial neuro fuzzy logic system for detecting human emotions |
||
| 260 | _c2016 | ||
| 300 | _aBook title: Human-computer interaction : design, developments and applications--Acession number C20741; pages 1 - 13 | ||
| 650 | _aHUMAN-COMPUTER INTERACTION | ||
| 999 |
_c354368 _d354368 |
||